The Presidents of The United States of America Album Tracklist - Statistics

General Stats
  • This quiz has been taken 3 times
  • The average score is 6 of 13
Answer Stats
Hint Answer % Correct
6 Peaches
100%
9 Kick Out The Jams
67%
3 Lump
67%
11 Back Porch
33%
10 Body
33%
5 Boll Weevil
33%
12 Candy
33%
7 Dune Buggy
33%
2 Feather Pluckn
33%
1 Kitty
33%
13 Naked And Famous
33%
4 Stranger
33%
8 We Are Not Going to Make It
33%
No matching quizzes found
Score Distribution
Percent of People with Each Score
Percentile by Number Answered
Your Score History
You have not taken this quiz